Elementary mechanics of solids (Record no. 4447)

000 -LEADER
fixed length control field 00558nam a2200217 a 4500
001 - CONTROL NUMBER
control field 4447
003 - CONTROL NUMBER IDENTIFIER
control field BD-DhUET
008 - FIXED-LENGTH DATA ELEMENTS--GENERAL INFORMATION
fixed length control field 810420t19811980nyua b 001 0 eng
020 ## - INTERNATIONAL STANDARD BOOK NUMBER
International Standard Book Number 085226819X
040 ## - CATALOGING SOURCE
Original cataloging agency DLC
Transcribing agency DLC
Modifying agency BD-DhUET
082 ## - DEWEY DECIMAL CLASSIFICATION NUMBER
Classification number 531
Item number SIN/1980
100 ## - MAIN ENTRY--PERSONAL NAME
Personal name Singh, Pashupati Nath
245 10 - TITLE STATEMENT
Title Elementary mechanics of solids
250 ## - EDITION STATEMENT
Edition statement 1st ed.
260 ## - PUBLICATION, DISTRIBUTION, ETC. (IMPRINT)
Place of publication, distribution, etc. New Delhi
Name of publisher, distributor, etc. Wiley Eastern
Date of publication, distribution, etc. 1980
300 ## - PHYSICAL DESCRIPTION
Extent xvi, 616p.
Other physical details ill.
504 ## - BIBLIOGRAPHY, ETC. NOTE
Bibliography, etc Includes bibliographies
650 #0 - SUBJECT ADDED ENTRY--TOPICAL TERM
Topical term or geographic name as entry element Mechanics of solids
700 ## - ADDED ENTRY--PERSONAL NAME
Personal name Jha, Prem Kumar
942 ## - ADDED ENTRY ELEMENTS (KOHA)
Koha item type General Book
Holdings
Price effective from Not for loan Sublocation or collection (holding branch) Lost status Shelving location Piece designation (barcode) Koha normalized classification for sorting Withdrawn status Date acquired Damaged status Copy number Koha date last seen Koha item type Location (home branch) Source of classification or shelving scheme Koha full call number
2014-11-16 Central Library, BUET Circulation section59249531_000000000000000_SIN_1980 2014-11-16 12014-11-16General BookCentral Library, BUET 531/SIN/1980
2015-03-10 Central Library, BUET Circulation section59250531_000000000000000_SIN_1980 2015-03-10 22015-03-10General BookCentral Library, BUET 531/SIN/1980
2015-03-10 Central Library, BUET Circulation section59252531_000000000000000_SIN_1980 2015-03-10 32015-03-10General BookCentral Library, BUET 531/SIN/1980
2015-03-10 Central Library, BUET Circulation section59245531_000000000000000_SIN_1980 2015-03-10 42015-03-10General BookCentral Library, BUET 531/SIN/1980
2015-03-10 Central Library, BUET Circulation section59246531_000000000000000_SIN_1980 2015-03-10 52015-03-10General BookCentral Library, BUET 531/SIN/1980
2015-03-11 Central Library, BUET   531_000000000000000_SIN_1980 2015-03-11 62015-03-11General BookCentral Library, BUET 531/SIN/1980
2015-03-11 Central Library, BUET Circulation section59248531_000000000000000_SIN_1980 2015-03-11 72015-03-11General BookCentral Library, BUET 531/SIN/1980
2015-03-11 Central Library, BUET Circulation section57348531_000000000000000_SIN_1980 2015-03-11 82015-03-11General BookCentral Library, BUET 531/SIN/1980
2015-03-22 Central Library, BUET Circulation section55367531_000000000000000_SIN_1980 2015-03-22 92016-03-27General BookCentral Library, BUET 531/SIN/1980
2015-06-08 Central Library, BUET Reading section59244531_000000000000000_SIN_1980 2015-06-08 102015-06-08Reading ItemCentral Library, BUET 531/SIN/1980
2015-06-08 Central Library, BUET Reading section59243531_000000000000000_SIN_1980 2015-06-08 112015-06-08Reading ItemCentral Library, BUET 531/SIN/1980